| 000 | 00691nam a22002297a 4500 | ||
|---|---|---|---|
| 007 | 00 | ||
| 008 | 160623b xxu||||| |||| 00| 0 eng d | ||
| 020 | _a978-210-054942-9 | ||
| 040 |
_aBUAC _cBUC |
||
| 041 | _aFre. | ||
| 100 | _aGavard-Perret, Marie-Laure | ||
| 245 |
_aLe Markenting de A à Z _c/ par Marie-Laure Gavard-Perrot, Camille Chamard, Marianela Fornerino, et al. |
||
| 260 |
_aParis : _bDunod, _c2010 |
||
| 300 |
_a271 p. _c24 cm. |
||
| 521 | _aIndex des Termes Anglais. pp. (215 - 221) | ||
| 630 | _aSCIENCES APPLIQUEES | ||
| 650 |
_aMarketing _919825 |
||
| 700 | _aChamard, Camille | ||
| 700 | _aFornerino, Marianela | ||
| 700 | _aGalan, Jean-Philippe | ||
| 942 | _cLIV | ||
| 999 |
_c54685 _d54685 |
||